| 000 | 01291cam a22003254a 4500 | ||
|---|---|---|---|
| 001 | 2629060 | ||
| 003 | ARRUPE | ||
| 005 | 20140327163128.0 | ||
| 008 | 990113s1999 enkab b 001 0 eng | ||
| 010 | _a 99011161 | ||
| 020 | _a0631191011 (alk. paper) | ||
| 020 | _a063119102X (pbk. : alk. paper) | ||
| 040 |
_aDLC _cDLC _dDLC |
||
| 042 | _apcc | ||
| 043 | _af-sa--- | ||
| 050 | 0 | 0 |
_aDT1945 _b.B37 1999 |
| 082 | 0 | 0 |
_a968.082 _221 |
| 100 | 1 |
_aBarber, James P. _99566 |
|
| 245 | 1 | 0 |
_aSouth Africa in the twentieth century : _ba political history-- in search of a nation state / _cJames Barber. |
| 260 |
_aOxford ; _aMalden, Mass. : _bBlackwell Publishers, _c1999. |
||
| 300 |
_axi, 332 p. : _bill., maps ; _c24 cm. |
||
| 440 | 0 |
_aHistory of the contemporary world _99567 |
|
| 504 | _aIncludes bibliographical references (p. [315]-320) and index. | ||
| 651 | 0 |
_aSouth Africa _xPolitics and government _y20th century. _99568 |
|
| 651 | 0 |
_aSouth Africa _xEthnic relations _xPolitical aspects _xHistory _y20th century. _99569 |
|
| 906 |
_a7 _bcbc _corignew _d1 _eocip _f19 _gy-gencatlg |
||
| 942 |
_2lcc _cREFERENCE |
||
| 999 |
_c120315 _d120315 |
||